| 000 | 00343nam a22001457a 4500 | ||
|---|---|---|---|
| 008 | 250423b ||||| |||| 00| 0 eng d | ||
| 020 | _a9781544515953 | ||
| 041 | _aeng | ||
| 080 |
_22020 _a101MOR |
||
| 082 |
_2101MOR _a101MOR |
||
| 100 | _a42 | ||
| 101 | _aFILOZOFI | ||
| 245 |
_aLOVE IS FREE GUAC IS EXTRA _cMONTY MORAN |
||
| 942 |
_2udc _cBK |
||
| 999 |
_c60706 _d60706 |
||